'The' Best Picture Winners Per Letter Quiz Stats

 Plays Quiz Updated Mar 5, 2018

Challenge
Share
Tweet
Embed
Score 0/10 Timer 06:00
2 Plays Today
Letter The ... % Correct
GGodfather, Godfather Part II, Greatest Show on Earth, Great Ziegfeld
69%
DDeparted, Deer Hunter
64.3%
AArtist, Apartment
64.2%
SShape of Water, Silence of the Lambs, Sting, Sound of Music
61.4%
LLord of the Rings: Return of the King, Lost Weekend, Last Emperor, Life of Emile Zola
53.9%
KKing's Speech
48.3%
HHurt Locker
44.1%
EEnglish Patient
37.2%
BBridge on the River Kwai, Broadway Melody, Best Years of Our Lives
36.9%
FFrench Connection
30.1%

You're not logged in!

Compare scores with friends on all Sporcle quizzes.
OR
Log In

You Might Also Like...

Show Comments

Extras

Top Quizzes Today


Score Distribution

Your Account Isn't Verified!

In order to create a playlist on Sporcle, you need to verify the email address you used during registration. Go to your Sporcle Settings to finish the process.

Report this User

Report this user for behavior that violates our Community Guidelines.

Details: